[Event "Muensterland Verbandsliga Gr1 2223"]
[Site "Germany"]
[Date "2022.10.22"]
[Round "2.8"]
[White "Siebald, Joerg"]
[Black "Schemmann, Bernhard"]
[Result "0-1"]
[WhiteElo "1727"]
[BlackElo "1837"]
[PlyCount "60"]
[EventDate "2022.09.10"]
[EventType "team-tourn"]
[EventRounds "5"]
[EventCountry "GER"]
[SourceTitle "EXT 2024"]
[Source "ChessBase"]
[SourceDate "2023.10.10"]
[SourceVersion "1"]
[SourceVersionDate "2023.10.10"]
[SourceQuality "1"]
[WhiteTeam "Emsdetten Rochade II"]
[BlackTeam "Beelen"]
[WhiteTeamCountry "GER"]
[BlackTeamCountry "GER"]

1. e4 c6 2. d3 d5 3. Nd2 e5 4. Ngf3 Bd6 5. g3 Nf6 6. Bg2 0-0 7. 0-0 Qc7 8. Nh4 Re8 9. Nf5 Bf8 10. Nf3 dxe4 11. dxe4 Nxe4 12. N3h4 Nd6 13. Ne3 Nd7 14. b3 Nc5 15. Bb2 f6 16. Qe2 Be6 17. Rfe1 b5 18. Ba3 Ncb7 19. c4 bxc4 20. bxc4 Na5 21. c5 Ndc4 22. Bb4 Nxe3 23. Qxe3 Nc4 24. Qe4 a5 25. Bc3 Bd5 26. Qc2 Bxc5 27. Nf3 Na3 28. Qa4 Bb3 29. Bxa5 Qa7 30. Qxc6 Bxf2+ 0-1

[Event "Muensterland Verbandsliga Gr1 2223"]
[Site "Germany"]
[Date "2022.09.10"]
[Round "1.6"]
[White "Scharlow, Siegmar"]
[Black "Schemmann, Bernhard"]
[Result "0-1"]
[WhiteElo "1681"]
[BlackElo "1837"]
[PlyCount "62"]
[EventDate "2022.09.10"]
[EventType "team-tourn"]
[EventRounds "5"]
[EventCountry "GER"]
[SourceTitle "EXT 2024"]
[Source "ChessBase"]
[SourceDate "2023.10.10"]
[SourceVersion "1"]
[SourceVersionDate "2023.10.10"]
[SourceQuality "1"]
[WhiteTeam "Nienberge II"]
[BlackTeam "Beelen"]
[WhiteTeamCountry "GER"]
[BlackTeamCountry "GER"]

1. d4 d5 2. c4 e6 3. Nc3 Nf6 4. Bg5 Be7 5. e3 0-0 6. cxd5 Nxd5 7. Bxe7 Qxe7 8. Nf3 b6 9. e4 Nxc3 10. bxc3 c5 11. Bd3 cxd4 12. cxd4 Nc6 13. 0-0 Rd8 14. e5 Bb7 15. Qa4 Qb4 16. Qxb4 Nxb4 17. Be2 Rac8 18. Rfd1 Rc2 19. Bd3 Rxa2 20. Rxa2 Nxa2 21. Ra1 Nb4 22. Be2 a5 23. Rd1 Rc8 24. Nd2 Rc2 25. Kf1 Ba6 26. Bxa6 Nxa6 27. Ne4 Nb4 28. Nd6 Kf8 29. Ke1 Ke7 30. g4 f6 31. h4 Nd5 0-1

[Event "Muensterland Regionalliga 1718"]
[Site "Germany"]
[Date "2017.12.02"]
[Round "4.6"]
[White "Schemmann, Bernhard"]
[Black "Storck, Martin"]
[Result "0-1"]
[WhiteElo "1846"]
[BlackElo "1935"]
[PlyCount "58"]
[EventDate "2017.09.02"]
[EventType "team-tourn"]
[EventRounds "9"]
[EventCountry "GER"]
[SourceTitle "EXT 2019"]
[Source "ChessBase"]
[SourceDate "2018.10.10"]
[SourceVersion "1"]
[SourceVersionDate "2018.10.10"]
[SourceQuality "1"]
[WhiteTeam "Beelen"]
[BlackTeam "Gronau"]
[WhiteTeamCountry "GER"]
[BlackTeamCountry "GER"]

1. e4 e5 2. Bc4 Nf6 3. d4 Nxe4 4. dxe5 Ng5 5. Nf3 Ne6 6. 0-0 Be7 7. Nc3 b6 8. Qe2 Bb7 9. Be3 0-0 10. Nd4 Nxd4 11. Bxd4 d5 12. exd6 Bxd6 13. Qg4 g6 14. Ne4 Bxe4 15. Qxe4 Nd7 16. Rad1 Qe7 17. Qf3 Ne5 18. Qc3 Nxc4 19. Qxc4 Bxh2+ 20. Kxh2 Qh4+ 21. Kg1 c5 22. g3 Qg4 23. Qc3 cxd4 24. Rxd4 Qf5 25. Qd2 Rac8 26. c3 Rfe8 27. Rd1 Rc7 28. Rd7 Rxd7 29. Qxd7 Re1+ 0-1

[Event "Muensterland Verbandsliga 1617"]
[Site "Germany"]
[Date "2017.02.25"]
[Round "7.6"]
[White "Hemmers, Dieter"]
[Black "Schemmann, Bernhard"]
[Result "1/2-1/2"]
[WhiteElo "1782"]
[BlackElo "1853"]
[PlyCount "46"]
[EventDate "2016.09.10"]
[EventType "team"]
[EventRounds "9"]
[EventCountry "GER"]
[SourceTitle "EXT 2018"]
[Source "ChessBase"]
[SourceDate "2017.10.13"]
[SourceVersion "1"]
[SourceVersionDate "2017.10.13"]
[SourceQuality "1"]
[WhiteTeam "Emsdetten Rochade II"]
[BlackTeam "Beelen"]
[WhiteTeamCountry "GER"]
[BlackTeamCountry "GER"]

1. e4 c5 2. Nf3 Nc6 3. d4 cxd4 4. Nxd4 Nf6 5. Nc3 e5 6. Ndb5 d6 7. Bg5 a6 8. Na3 b5 9. Nd5 Be7 10. Bxf6 Bxf6 11. c3 0-0 12. Nc2 Bg5 13. Nce3 Be6 14. Bd3 Ne7 15. Nxe7+ Qxe7 16. Qe2 Bxe3 17. Qxe3 f5 18. exf5 Bxf5 19. 0-0 Qf6 20. a4 Rab8 21. axb5 axb5 22. Rad1 Be6 23. Be4 Bc4 1/2-1/2

[Event "Muensterland Verbandsklasse 1516"]
[Site "Germany"]
[Date "2016.02.20"]
[Round "6.5"]
[White "Miethe, Christoph"]
[Black "Schemmann, Bernhard"]
[Result "0-1"]
[WhiteElo "1712"]
[BlackElo "1845"]
[PlyCount "96"]
[EventDate "2015.09.19"]
[EventType "team"]
[EventRounds "9"]
[EventCountry "GER"]
[SourceTitle "EXT 2017"]
[Source "ChessBase"]
[SourceDate "2016.10.25"]
[SourceVersion "1"]
[SourceVersionDate "2016.10.25"]
[SourceQuality "1"]
[WhiteTeam "Rheine Klein Berlin II"]
[BlackTeam "Beelen II"]
[WhiteTeamCountry "GER"]
[BlackTeamCountry "GER"]

1. e4 e5 2. Nf3 Nc6 3. Bc4 Nf6 4. d4 exd4 5. 0-0 Nxe4 6. Re1 d5 7. Bxd5 Qxd5 8. Nc3 Qa5 9. Nxe4 Be6 10. Neg5 0-0-0 11. Nxe6 fxe6 12. Rxe6 Bd6 13. Bd2 Qh5 14. Re4 h6 15. Nh4 Qd5 16. Qg4+ Kb8 17. Qf5 Qc4 18. Ng6 Rhe8 19. Rxe8 Rxe8 20. Bf4 Qxa2 21. Rf1 Bxf4 22. Nxf4 Qxb2 23. Qf7 Rc8 24. Qxg7 Qxc2 25. Qxh6 Qe4 26. Rd1 Re8 27. h4 Qc2 28. Qh5 Rf8 29. Re1 a6 30. g3 d3 31. Qh6 Rd8 32. Qh5 d2 33. Rd1 Nd4 34. Ng2 Qd3 35. Ne3 Ne2+ 36. Kg2 Nc3 37. Rf1 d1Q 38. Nxd1 Nxd1 39. Qg4 Rd4 40. Qg8+ Ka7 41. Qg7 Qe4+ 42. Kg1 Rd2 43. Qxc7 Qd5 44. Qf4 Rd3 45. Qg4 Rf3 46. Qa4 Ne3 47. fxe3 Rxg3+ 48. Kf2 Rg2+ 0-1

[Event "Muensterland Verbandsliga 1415"]
[Site "Germany"]
[Date "2014.11.08"]
[Round "3.4"]
[White "Schemmann, Bernhard"]
[Black "Voss, Norbert"]
[Result "1/2-1/2"]
[WhiteElo "1845"]
[BlackElo "1857"]
[PlyCount "49"]
[EventDate "2014.09.06"]
[EventType "team-tourn"]
[EventRounds "9"]
[EventCountry "GER"]
[SourceTitle "EXT 2016"]
[Source "ChessBase"]
[SourceDate "2015.10.08"]
[SourceVersion "1"]
[SourceVersionDate "2015.10.08"]
[SourceQuality "1"]
[WhiteTeam "Beelen"]
[BlackTeam "Muenster IV"]
[WhiteTeamCountry "GER"]
[BlackTeamCountry "GER"]

1. d4 b6 2. c4 Bb7 3. Nc3 e6 4. a3 g6 5. e4 Bg7 6. g3 Ne7 7. Bg2 0-0 8. Be3 d6 9. Qd2 Nd7 10. Nge2 e5 11. d5 Nc5 12. Nc1 f5 13. f3 a5 14. b3 Kh8 15. h4 Ng8 16. h5 gxh5 17. Rxh5 Bc8 18. Bh3 f4 19. Bxc5 bxc5 20. Bxc8 Rxc8 21. g4 Bf6 22. Qh2 h6 23. Nd3 Bg5 24. 0-0-0 Qf6 25. Kc2 1/2-1/2

[Event "Muensterland Verbandsliga 1314"]
[Site "Germany"]
[Date "2014.04.05"]
[Round "8.4"]
[White "Schemmann, Bernhard"]
[Black "Sandmann, Sebastian"]
[Result "1-0"]
[WhiteElo "1829"]
[BlackElo "1683"]
[PlyCount "55"]
[EventDate "2013.09.07"]
[EventType "team-tourn"]
[EventRounds "9"]
[EventCountry "GER"]
[SourceTitle "EXT 2015"]
[Source "ChessBase"]
[SourceDate "2014.11.20"]
[SourceVersion "1"]
[SourceVersionDate "2014.11.20"]
[SourceQuality "1"]
[WhiteTeam "Beelen"]
[BlackTeam "Ostbevern Westbevern"]
[WhiteTeamCountry "GER"]
[BlackTeamCountry "GER"]

1. d4 Nf6 2. Nf3 b6 3. g3 Bb7 4. Bg2 e6 5. 0-0 Be7 6. c4 c5 7. Nc3 cxd4 8. Nxd4 Bxg2 9. Kxg2 0-0 10. e4 Qc7 11. Qe2 Nc6 12. Nc2 Rad8 13. Re1 d5 14. cxd5 exd5 15. e5 Ne8 16. Nb5 Qb7 17. Nbd4 Nc7 18. Bd2 Ne6 19. Bc3 Bc5 20. Rad1 Ncxd4 21. Nxd4 Bxd4 22. Bxd4 Nxd4 23. Rxd4 Rfe8 24. f4 f6 25. e6 Re7 26. f5 g6 27. Qf3 Kg7 28. Rf1 1-0

[Event "GER T41-C57-S2 email"]
[Site "GER email"]
[Date "2008.10.29"]
[Round "?"]
[White "Schemmann, Bernhard"]
[Black "Offenborn, Heinz"]
[Result "0-1"]
[WhiteElo "1963"]
[BlackElo "2101"]
[PlyCount "44"]
[EventDate "2008.??.??"]
[EventType "tourn (corr)"]
[EventRounds "8"]
[EventCountry "GER"]
[SourceTitle "Corr 2011"]
[Source "ChessBase"]
[SourceDate "2010.08.31"]
[SourceVersion "1"]
[SourceVersionDate "2010.08.31"]
[SourceQuality "1"]

1. e4 e5 2. Nf3 Nc6 3. Bc4 Nf6 4. Ng5 Bc5 5. Nxf7 Bxf2+ 6. Kf1 Qe7 7. Nxh8 d5 8. exd5 Nd4 9. h3 Qf8 10. d6 Bg3 11. Bf7+ Kd8 12. dxc7+ Kxc7 13. c3 Nf5 14. d4 Bd7 15. Na3 Qe7 16. Ng6 hxg6 17. Bxg6 Rf8 18. Bxf5 Nd5 19. Qd3 Rxf5+ 20. Kg1 Bf2+ 21. Kh2 e4 22. Qc4+ Kb8 0-1

[Event "GER HS-035 email"]
[Site "GER email"]
[Date "2008.09.20"]
[Round "?"]
[White "Schemmann, Bernhard"]
[Black "Seiler, Werner"]
[Result "1/2-1/2"]
[WhiteElo "1963"]
[BlackElo "1742"]
[PlyCount "49"]
[EventDate "2008.??.??"]
[EventType "tourn (corr)"]
[EventRounds "6"]
[EventCountry "GER"]
[SourceTitle "Corr 2011"]
[Source "ChessBase"]
[SourceDate "2010.08.31"]
[SourceVersion "1"]
[SourceVersionDate "2010.08.31"]
[SourceQuality "1"]

1. d4 d5 2. c4 dxc4 3. e4 Nf6 4. e5 Nd5 5. Bxc4 Nb6 6. Bb3 Bf5 7. Nc3 e6 8. Nge2 Be7 9. 0-0 Na6 10. Ng3 Bg6 11. f4 0-0 12. d5 Nc5 13. Be3 Nxb3 14. Qxb3 Bd3 15. d6 cxd6 16. Rfd1 Bc4 17. Bxb6 Qxb6+ 18. Qxb6 axb6 19. exd6 Bd8 20. b3 Ba6 21. a4 Rc8 22. Rac1 f5 23. Nge2 Bxe2 24. Nxe2 Rxc1 25. Nxc1 1/2-1/2

[Event "GER HS-035 email"]
[Site "GER email"]
[Date "2008.09.20"]
[Round "?"]
[White "Wiese, Uwe"]
[Black "Schemmann, Bernhard"]
[Result "1/2-1/2"]
[WhiteElo "1992"]
[BlackElo "1963"]
[PlyCount "50"]
[EventDate "2008.??.??"]
[EventType "tourn (corr)"]
[EventRounds "6"]
[EventCountry "GER"]
[SourceTitle "Corr 2011"]
[Source "ChessBase"]
[SourceDate "2010.08.31"]
[SourceVersion "1"]
[SourceVersionDate "2010.08.31"]
[SourceQuality "1"]

1. Nf3 d5 2. d4 Nf6 3. e3 e6 4. c4 c6 5. Nc3 Nbd7 6. Bd3 dxc4 7. Bxc4 b5 8. Bd3 Bb7 9. 0-0 a6 10. e4 c5 11. d5 Qc7 12. dxe6 fxe6 13. Qe2 c4 14. Bb1 Bd6 15. Nd4 Nc5 16. f4 e5 17. Nf5 0-0 18. Rd1 Nd3 19. Nxd6 Qxd6 20. Bxd3 cxd3 21. Rxd3 Qc7 22. Rf3 Rae8 23. a3 exf4 24. Bxf4 Qc6 25. Bg5 Nxe4 1/2-1/2